00802nam a2200217 a 450000100100000000500170001000800410002704000250006808200130009324500450010626000980015130000210024949000200027049000330029050000420032350400320036583000230039783000360042095201110045699900170056700003444320200930073713.0111004s1973 dr 000 0 spa d aDO-SdBNPbspacBNPHU axxxbN2800aNecesidades de energía y de proteinas. aRoma :bOrganización de las Naciones Unidas para la Agricultura y la Alimentación,c1973. a138 p. ;c24 cm.1 aInformevno. 521 aInformes técnicosvno. 522 aIncluye notas al pie de las páginas aBibliografía : p. 131-138 0aInformen52959876 0aInformes técnicosn522959877 0010718PDaGRbGRcCTd2011-10-04iLF1l0oxxx N28p34443-10r2020-06-25w2020-06-25yLFPDZNo se presta c33934d33934